Normal view
MARC view
- Arbaʻīn
Entry Topical Term
001 - CONTROL NUMBER
- control field: 130200
003 - CONTROL NUMBER IDENTIFIER
- control field: NUST
005 - DATE AND TIME OF LATEST TRANSACTION
- control field: 20250731155802.0
008 - FIXED-LENGTH DATA ELEMENTS
- fixed length control field: 250731|| aca||aabn | a|a d
040 ## - CATALOGING SOURCE
- Original cataloging agency: NUST
- Transcribing agency: NUST
150 ## - HEADING--TOPICAL TERM
- Topical term or geographic name entry element: Arbaʻīn
- General subdivision: Commentaries
- General subdivision: Urdu
- General subdivision: Nawawī, 1233–1277
670 ## - SOURCE DATA FOUND
- Source citation: Work cat.: (NUST)614430: Al-Nawawī, Imām Abū Zakariyyā Muḥyī al-Dīn 130198, Sharaḥ Arbaʿīn Nauwawī māʿa ʿarabī matan wa sharaḥ Urdu :, 1976.
